000 00976cam a22002771 4500
001 2176
003 BD-RjUL
005 20211208233510.0
008 131210r19661965nyua b 001 0 eng
035 _a(BD-RjUL)2203
040 _aDLC
_cDLC
_dDLC
_dBD-RjUL
_beng
041 _aeng
082 0 0 _a302
_bBAS
245 0 0 _aBasic studies in social psychology /
_cedited and with introductions by Harold Proshansky and Bernard Seidenberg.
260 _aNew York :
_bHolt, Rinehart and Winston,
_cc1965 [Reprinted 1966].
300 _axvii, 743 p. :
_billus. ;
_c24 cm.
500 _aCompanion volume to current studies in social psychology, edited by Ivan D. Steiner and Martin Fishbein.
504 _aIncludes bibliographies.
504 _aIncludes index.
650 0 _aSocial psychology.
_97123
700 1 _aProshansky, Harold M.,
_d1920-1990.
_97124
700 1 _aSeidenberg, Bernard.
_ejoint ed.
_97125
942 _2ddc
_cBK
999 _c2176
_d2176